General Knowledge Animals/ (Record no. 187317)

MARC details
000 -LEADER
fixed length control field 00532nam a22001817a 4500
005 - DATE AND TIME OF LATEST TRANSACTION
control field 20220412125220.0
010 ## - LCCN (DPL NO)
LC control number ENG-132284
020 ## - INTERNATIONAL STANDARD BOOK NUMBER
International Standard Book Number 9788123430171
Terms of availability 80.00
035 ## - SYSTEM CONTROL NUMBER
System control number EN-115816
037 ## - SOURCE OF ACQUISITION
Source of stock number/acquisition DBAD/PUB
082 ## - DEWEY DECIMAL CLASSIFICATION NUMBER
Classification number 000
100 ## - MAIN ENTRY--PERSONAL NAME
Personal name Karuppanan, U.
245 ## - TITLE STATEMENT
Title General Knowledge Animals/
Statement of responsibility, etc U. Karuppanan
260 ## - PUBLICATION, DISTRIBUTION, ETC. (IMPRINT)
Place of publication, distribution, etc Chennai
Name of publisher, distributor, etc New Century Book House (P) Ltd
Date of publication, distribution, etc 2015
270 ## - ADDRESS
City Chennai
Address 41-B, SIDCO Industrial Estate, Ambattur
Postal code 600098
300 ## - PHYSICAL DESCRIPTION
Extent 95p.
Dimensions 22cm(pbk)
942 ## - ADDED ENTRY ELEMENTS (KOHA)
Source of classification or shelving scheme Dewey Decimal Classification
Item type English Books
Call number suffix KAR
Classification part 000
Holdings
Withdrawn status Lost status Not for loan Collection code Home library Current library Date acquired Source of acquisition Cost, normal purchase price Full call number Barcode Copy number Cost, replacement price Koha item type
    Not For Loan Non-fiction D.B.Act.Division Mobile Library 12/04/2022 DBAD/PUB 80.00 000 KAR EN-115816 1 80.00 English Books

© Delhi Public Library
Hit Counter
free hit counter